Quiz sur la Ligue des Champions - Statistiques

Statistiques générales
  • Ce quiz a été pris 108 fois
  • Le résultat moyen est 12 sur 20
Statistiques - réponses
Indice Réponse % Correct
Meilleur buteur et passeur de l'histoire de la Ligue des Champions Cristiano Ronaldo
87%
Nombre de titres remportés par le club le plus victorieux 15
85%
Seul club ayant gagné la compétition plus de 3 fois consécutivement Real Madrid
85%
Entraîneur le plus titré de l'histoire avec 5 titres Carlo Ancelotti
79%
Année de la première édition 1956
78%
Premier club français ayant atteint la finale Stade de Reims
76%
Joueur suédois ayant reçu le plus de cartons rouges dans la compétition Zlatan Ibrahimovic
70%
Gardien de but le plus capé de l'histoire de la compétition avec 181 matchs Iker Casillas
66%
Deuxième club français ayant atteint la finale AS Saint-Etienne
65%
Club ayant perdu le plus de finales dans son histoire Juventus de Turin
63%
Année du changement d'appellation, devenant Ligue des Champions 1992
62%
Joueur du FC Porto, devenu le plus vieux buteur de la compétition en 2023 à 40 ans et 254 jours Pepe
62%
Joueur allemand ayant remporté le plus de Ligue des Champions Toni Kroos
57%
Pays doté d'un club ayant participé à au moins une finale de Ligue des Champions tout en ayant aujourd'hui le championnat le moins bien classé au coefficient UEFA Roumanie
55%
Club détenant le record de défaites consécutives en phase finalede la Ligue des Champions (phase de groupe et rencontre à élimination directe) Olympique de Marseille
53%
Nom initial de la compétition Coupe des clubs champions européens
45%
Seul club moldave ayant participé à la Ligue des Champions FC Sheriff Tiraspol
27%
Stade dans lequel s'est jouée la première finale de l'histoire Parc des Princes
22%
Surnom donné à la finale d'anthologie de 2005 Miracle d'Istanbul
21%
Joueur anglais ayant reçu le plus de cartons jaunes dans la compétition Paul Scholes
21%
Aucun quiz correspondant
Distribution des résultats
% des personnes avec chaque résultat
Percentile par nombre de réponses
Votre historique - résultats
Vous n’avez pas pris ce quiz